000 00422nam a2200157 i 4500
001 146771
003 ES-MaACL
005 20230906201651.0
007 t|
008 070917s1968 sp ||||1| cat d
100 1 _aTrilla y Rostoll, Marcial.
_9111426
245 1 3 _aEl basar máagic /
_cMarçal Trilla.
260 _aBarcelona :
_bAriel,
_c[1968]
300 _a186 p. ;
_c19 cm.
852 _aES-MaACL
_jC-50986
_bR.69405
999 _c146771
_d146771